Statistiche per Riconosci lo Stato - Quiz n°81

Clicka qui per fare il quiz!

Statistiche generali

  • Questo quiz è stato fatto 18 volte
  • Il punteggio medio è 9 su 13

Statistiche sulle risposte

IndizioRisposta% Corretto
ValutaFranco
94%
Iniziale della CapitaleG
88%
Indipendenzadalla Francia
27 giugno 1977 (riconosciuta)
1º agosto 1977 (dichiarata)
14 giugno 1994 (completata)
82%
Presidente della RepubblicaIsmail Omar Guelleh
82%
Popolazione973 560 ab.
76%
Primo ministroAbdoulkader Kamil Mohamed
76%
Fuso OrarioUTC+3
76%
Forma di GovernoRepubblica semipresidenziale
65%
ISU0,430
59%
Superficie23 000 km²
59%
PIL (nominale)1 354 milioni di $ (2012
53%
Tasso di crescita2,285%
53%
RispostaGibuti
53%

Distribuzione punteggi

Percentile per numero di risposta

Percentuale di utenti per punteggio

I tuoi punteggi nel tempo

Non hai fatto questo quiz